Ekonomický a právny poradca podnikateľa
Uložené v:
| Médium: | Seriál |
|---|---|
| Jazyk: | Slovak |
| Vydavateľské údaje: |
Žilina
Poradca podnikateľa
1998
|
| Predmet: | |
| Tagy: |
Žiadne tagy, Buďte prvý, kto otaguje tento záznam!
|
MARC
| LEADER | 00000nas2a2200000 4500 | ||
|---|---|---|---|
| 001 | s122227 | ||
| 005 | 20231103122521.6 | ||
| 022 | |a 1335-0714 | ||
| 041 | 0 | |a slo | |
| 044 | |a SK | ||
| 245 | 1 | 0 | |a Ekonomický a právny poradca podnikateľa |
| 264 | 1 | |a Žilina |b Poradca podnikateľa |c 1998 | |
| 300 | |a 2 zv. | ||
| 773 | 0 | |w eu_un_cat*s120046 | |
| 610 | 2 | 0 | |a predpisy právne |
| 610 | 2 | 0 | |a podnikanie |
| 610 | 2 | 0 | |a poradenstvo |